1672 1686 1731 1115 1936 1208 1582 1668 1990 1084 1959 1105 1311 1140 1746 1240 1082 1250 1243 1787 1253 1404 1581 1084 1744 1606 1072 1501 1106 1222 1249 1270 1389 1144 1886 1812 1927 1975 1289 1077 1226 1736 1394 1682 1878 1353 1368 1458 1142 1390 1534 1166 1418 1968 1199 1740 1729 1725 1713 1624 1311 1718 1600 1436 1778 1770 1027 1772 1077 1153 1784 1702 1369 1636 1833 1672 1236 1824 1564 1578 1085 1653 1285 1559 1163 1639 1606 1460 1768 1055 1356 1745 1115 1429 1828 1021 1355 1027 1098 BCNSPRNW ULIB Ver.6.0+V

เปลี่ยนเป็นภาษาไทย

Change to English
 แสดงรายละเอียดบรรณานุกรม
  กลับหน้าหลัก

Brief Record : Get Marc (ISO 2709) : E-mail record : QR code < ปิดหน้าต่าง
LEADER : 00000nam 2200000uu 4500
001    13399111451
003     ULIB
008    110627s2548||||th 000 0 tha d
020    974930571X
090    รส^bพ811อ 2548
100 0  รวมนักเขียน
245 00 อาจจะเป็นเพราะรัก 3 /^cเขียนโดย รวมนักเขียน
250    พิมพ์ครั้งที่ 1
260    กรุงเทพฯ :^bเกิร์ลเฟรด์,^c2548
300    192 หน้า :^bภาพประกอบ ;^c21 ซม.
650  0 เรื่องสั้น
945    ^p150^l0^i17712
995    กัณชพร
999 ^a ใช้งานได้ทุกระบบ
รายการนี้ยังไม่มีแท็ก
คุณยังไม่ได้ล็อกอิน คุณสามารถมีกิจกรรมร่วมกับเว็บไซต์ได้ แต่ต้องล็อกอินก่อน ::
  ล็อกอิน

รายการสื่อสารสนเทศ

ลำดับที่ ประเภท เลขเรียก/บาร์โค้ด สถานที่ สถานะ
- ไม่พบข้อมูล -

รายการใกล้เคียง
    ผู้แต่ง [รวมนักเขียน]

    หัวเรื่อง [เรื่องสั้น]

BibComment


ยังไม่เคยถูกคอมเมนท์

คอมเมนท์ทรัพยากรรายการนี้
  คอมเมนท์: อาจจะเป็นเพราะรัก..


 Copyright 2026. Bcnsprnw @Library